Harry Potter - K - Statistiques

Statistiques générales
  • Ce quiz a été pris 63 fois
  • Le résultat moyen est 4 sur 13
Statistiques - réponses
Description Réponse % Correct
Elfe de maison des Black Kreattur
95%
Elle manque de mourirAprès avoir touché le collier Dans le 5 Katie Bell
82%
Mère d'Albus Kendra Dumbledore
65%
Auror et membre de l'ordreDu Phénix Kingsley Shacklebot
53%
Acteur de Lockhart Kenneth Branagh
22%
Prénom de la grand mère deJ.k Rowling Symbolisée par Le K dans sont pseudonyme D'auteur Kathleen
20%
Actrice de marie catermole Kate Fleetwood
16%
Doubleur français de Harry Kelyan blanc
15%
Gurk de la colonie de géants avantDe se faire détroner par golgomath En 1995 Karkus
13%
Actrice de Cho Katie Leung
13%
Actrice de la dame grise dansLe dernier film Kelly Macdonald
9%
Actrice de lavande Brown Kathleen Cauet
2%
Actrice d'arabella figg Kathryn hunter
2%
Aucun quiz correspondant
Distribution des résultats
% des personnes avec chaque résultat
Percentile par nombre de réponses
Votre historique - résultats
Vous n’avez pas pris ce quiz